Torschützenliste der Fußball-Bundesliga 2013-2014 - Statistiken

Allgemein
  • Dieses Quiz wurde 114 mal gespielt
  • Das Durchschnittsergebnis liegt bei 7 aus 10
Antwortstatistiken
Tore Nationalität Verein Spieler % Korrekt
20 Polen Borussia Dortmund Robert Lewandowski
100%
16 Deutschland Borussia Dortmund Marco Reus
91%
18 Kroatien FC Bayern München Mario Mandžukić
89%
15 Deutschland Bayer 04 Leverkusen Stefan Kießling
80%
15 Brasilien Borussia Mönchengladbach Raffael
79%
16 Brasilien TSG 1899 Hoffenheim Roberto Firmino
78%
14 Kroatien VfL Wolfsburg Ivica Olić
61%
15 Japan 1. FSV Mainz 05 Shinji Okazaki
55%
16 Kolombien Hertha BSC Adrián Ramos
54%
17 Schweizerisch 1. FC Nürnberg Josip Drmić
39%
Keine übereinstimmenden Quizze gefunden
Verteilung der Resultate
Anzahl Personen mit jedem Resultat
Perzentil nach korrekt beantworteten Fragen
Ihre Resultats-Entwicklung
Sie haben dieses Quiz noch nicht gespielt